| 000 | 00719nam a22001337a 4500 | ||
|---|---|---|---|
| 040 | _cRUA | ||
| 082 | _aAGR CHH 2013 B1.222 Or. | ||
| 100 | _achhun ra,ឈុន រ៉ា | ||
| 245 | _aoccurrence of plant-parasitic nematodes on different rice varieties in tramk ok district,takeo province,វត្តមានចំនួនណេម៉ាតូតបរារិតទៅលើពូជស្រូវខុសៗគ្នាក្នុងលក្ខខណ្ឌស្រុកត្រាំកក់ខេត្តកែវ | ||
| 260 |
_apnnom penh _brua _c2013 |
||
| 300 |
_aiv;36p; _bill; _c29cm; |
||
| 856 | _uhttps://drive.google.com/file/d/1WPQklRhgUmMBdYPqa1lHjt-Qouwjr__t/view?usp=sharing | ||
| 942 | _cAGR | ||
| 999 |
_c17819 _d17819 |
||